MARC

LEADER 00000nam0a2200000 4500
001 60928
005 20231031062153.0
035 |a (RuTPU)RU\TPU\book\64434 
090 |a 60928 
100 |a 20040225d1975 m y0rusy50 ca 
101 0 |a rus 
102 |a RU 
105 |a a j 001zy 
200 1 |a Лекции по избранным вопросам механики сплошных сред  |f Н. Ф. Морозов  |g Ленинградский государственный университет им. А. А. Жданова 
210 |a Ленинград  |c Изд-во Ленинградского ун-та  |d 1975 
215 |a 91 с.  |c ил. 
320 |a Библиогр.: с. 89. 
610 1 |a лекции 
610 1 |a механика 
610 1 |a сплошные среды 
610 1 |a теория деформации 
610 1 |a напряженные состояния 
610 1 |a упругие среды 
610 1 |a нестационарные процессы 
610 1 |a учебные пособия 
675 |a 531(075.8)  |v 3 
700 1 |a Морозов  |b Н. Ф.  |g Никита Федорович 
712 0 2 |a Ленинградский государственный университет им. А. А. Жданова  |2 stltpush  |3 (RuTPU)RU\TPU\col\77 
801 1 |a RU  |b 63413507  |c 20040225  |g PSBO 
801 2 |a RU  |b 63413507  |c 20080912  |g PSBO 
942 |c BK